Detalles MARC
| 000 -LIDER |
| fixed length control field |
01662nam a2200325 a 4500 |
| 001 - NÚMERO DE CONTROL |
| Identificador de número de control |
|
| 003 - IDENTIFICACDOR DE NÚMERO DE CONTROL |
| control field |
DO-SdBNP |
| 005 - DATE AND TIME OF LATEST TRANSACTION |
| control field |
20221006133943.0 |
| 008 - ELEMENTOS DE LONGITUD FIJA |
| fixed length control field |
100201t2001 dr ad o001 0 spa d |
| 020 ## - ISBN |
| International Standard Book Number |
9993430293 |
| 040 ## - FUENTE DE CATALOGACIÓN |
| Agencia que crea de manera original el registro |
BNPHU |
| Idioma de catalogación |
spa |
| Agencia que realiza la transcripción |
BPMSU |
| 082 #4 - NÚMERO DE CLASIFICACIÓN DECIMAL DE DEWEY |
| Classification number |
331.7293011 |
| Item number |
L925t 2001 |
| Edition number |
22 |
| 100 1# - ASIENTO PRINCIPAL -- NOMBRE PERSONAL |
| Nombre personal |
Lozano, Wilfredo |
| 245 14 - MENCIÓN DE TITULO |
| Título |
Los trabajadores del capitalismo exportador : |
| Subtítulo |
mercado de trabajo, economía exportadora y sustitución de importaciones en la República Dominicana, 1950-1980 / |
| Mención de responsabilidad |
Wilfredo Lozano. |
| 260 ## - PUBLICACIÓN, DISTRIBUCIÓN, ETC. (PIE DE IMPRENTA) |
| Lugar de publicación, distribución, etc |
Santo Domingo : |
| Nombre del editor, distribuidor, etc. |
Banco Central de la República Dominicana, |
| Fecha de publicación, distribución, etc |
2001. |
| 300 ## - DESCRIPCIÓN FÍSICA |
| Extensión |
397 p. : |
| Otros detalles físicos |
il., gráfcs, ; |
| Dimensiones |
23 cm. |
| 490 0# - MENCIÓN DE SERIES |
| Mención de serie |
Banco Central de la República Dominicana ; |
| -- |
Ciencias sociales |
| Volume/sequential designation |
40 |
| 500 ## - NOTA GENERAL |
| Nota general |
Incluye datos biográficos del autor en la solapa de la cubierta. |
| 500 ## - NOTA GENERAL |
| Nota general |
Incluye referencias bibliográficas y notas al pie de las páginas |
| 504 ## - NOTA DE BIBLIOGRAFÍA, ETC. |
| Bibliography, etc |
Bibliografía : p.365-397. |
| 505 ## - NOTA DE CONTENIDO |
| Texto normalizado de contenido |
Introducción: mercado de trabajo y desarrollo 30 -- La oferta de trabajo en perspectiva histórica 61 -- Excedente de fuerza de trabajo, empleo y acumulación: el mercado de trabajo urbano de la economía exportadora 159 -- El mercado de trabajo rural de la economía exportadora 238 -- Dinámica y crisis del mercado de trabajo en la economía exportadora (Conclusiones) 309 |
| 590 ## - NOTA LOCAL |
| Enlace |
Inventariado, 2022/VM |
| 650 #4 - ENCABEZAMIENTO DE MATERIA--TEMÁTICO |
| Término temático o nombre geográfico como elemento de entrada |
Comercio exterior y empleo |
| 650 #4 - ENCABEZAMIENTO DE MATERIA--TEMÁTICO |
| Término temático o nombre geográfico como elemento de entrada |
Desarrollo económico. |
| 650 #4 - ENCABEZAMIENTO DE MATERIA--TEMÁTICO |
| Término temático o nombre geográfico como elemento de entrada |
Mercado laboral |
| Subdivisión geográfica |
República Dominicana |
| 650 #4 - ENCABEZAMIENTO DE MATERIA--TEMÁTICO |
| Término temático o nombre geográfico como elemento de entrada |
Política de exportación |
| 651 #4 - ENCABEZAMIENTO DE MATERIA--NOMBRE GEOGRÁFICO |
| Nombre geográfico |
República Dominicana |
| Subdivisión temática general |
Comercio exterior |
| Materiales especificados |
|
| 910 ## - VALIDACIÓN |
| Validación |
VMateo V. /Validado |
| 942 ## - ADDED ENTRY ELEMENTS (KOHA) |
| Source of classification or shelving scheme |
Dewey Decimal Classification |
| Koha item type |
Libros |